[Event "ODJM B 2024"]
[Site "Willingen GER"]
[Date "2024.05.20"]
[Round "3"]
[White "Fettig, Konrad"]
[Black "Rose, Simeon"]
[Result "1-0"]
[Termination "normal"]
[Board "41"]
[WhiteElo "1744"]
[BlackElo "1695"]
[WhiteClock "01:08:22"]
[BlackClock "00:06:22"]
[PlyCount "165"]
[WhiteFideId "34622888"]
[BlackFideId "34625062"]
[EventCountry "GER"]
[EventRounds "9"]
[EventType "swiss"]
[EventDate "2024.05.18"]

1. e4 {[%clk 01:30:59]} e6 {[%clk 01:30:56]} {[%emt 00:00:05]} 2. d4 {[%clk
01:31:23]} {[%emt 00:00:05]} d5 {[%clk 01:31:22]} {[%emt 00:00:04]} 3. exd5
{[%clk 01:31:47]} {[%emt 00:00:07]} exd5 {[%clk 01:31:47]} {[%emt 00:00:05]} 4.
Bd3 {[%clk 01:31:56]} c5 {[%clk 01:31:42]} {[%emt 00:00:56]} 5. c3 {[%clk
01:31:59]} Nf6 {[%clk 01:31:17]} {[%emt 00:01:22]} 6. Bg5 {[%clk 01:30:50]} Nc6
{[%clk 01:27:54]} {[%emt 00:05:32]} 7. Nf3 {[%clk 01:27:36]} h6 {[%clk
01:24:31]} {[%emt 00:07:37]} 8. Bh4 {[%clk 01:26:40]} Bg4 {[%emt 00:02:22]} 9.
Nbd2 {[%clk 01:26:09]} cxd4 {[%clk 01:23:48]} {[%emt 00:01:48]} 10. cxd4 {[%clk
01:26:04]} {[%emt 00:00:35]} g5 {[%clk 01:09:15]} {[%emt 00:15:04]} 11. Bg3
{[%clk 01:22:00]} {[%emt 00:04:33]} Bxf3 {[%clk 00:48:50]} {[%emt 00:20:56]}
12. Nxf3 {[%clk 01:22:11]} {[%emt 00:00:18]} Bb4+ {[%clk 00:49:08]} {[%emt
00:00:12]} 13. Kf1 {[%clk 01:17:51]} {[%emt 00:04:50]} Ne4 {[%clk 00:39:18]}
{[%emt 00:10:20]} 14. Ne5 {[%clk 01:06:00]} {[%emt 00:12:21]} Nxg3+ {[%clk
00:28:14]} {[%emt 00:11:34]} 15. hxg3 {[%clk 01:06:17]} {[%emt 00:00:12]} Nxe5
{[%clk 00:22:14]} {[%emt 00:06:31]} 16. dxe5 {[%clk 01:06:35]} {[%emt
00:00:12]} Qb6 {[%clk 00:19:55]} {[%emt 00:02:49]} 17. e6 {[%clk 01:00:48]}
{[%emt 00:06:17]} fxe6 {[%clk 00:18:54]} {[%emt 00:01:31]} 18. Bg6+ {[%clk
01:00:55]} {[%emt 00:00:22]} Ke7 {[%clk 00:18:39]} {[%emt 00:00:45]} 19. a3
{[%clk 01:00:08]} {[%emt 00:01:19]} Bc5 {[%clk 00:18:36]} {[%emt 00:00:32]} 20.
Qe2 {[%clk 01:00:27]} {[%emt 00:00:10]} Raf8 {[%clk 00:17:50]} {[%emt
00:01:17]} 21. f3 {[%clk 00:58:11]} {[%emt 00:02:46]} Rf6 {[%clk 00:18:02]}
{[%emt 00:00:18]} 22. Bh5 {[%clk 00:56:52]} {[%emt 00:01:48]} Bd6 {[%clk
00:16:34]} {[%emt 00:01:58]} 23. Qf2 {[%clk 00:54:23]} {[%emt 00:02:59]} Qb5+
{[%clk 00:14:54]} {[%emt 00:02:10]} 24. Qe2 {[%clk 00:52:53]} {[%emt 00:02:01]}
Qxe2+ {[%clk 00:14:51]} {[%emt 00:00:34]} 25. Kxe2 {[%clk 00:53:15]} {[%emt
00:00:07]} Bxg3 {[%clk 00:14:23]} {[%emt 00:00:58]} 26. Rac1 {[%clk 00:52:32]}
{[%emt 00:01:13]} Rd8 {[%clk 00:11:09]} {[%emt 00:03:44]} 27. Bg4 {[%clk
00:51:41]} {[%emt 00:01:21]} d4 {[%clk 00:11:04]} {[%emt 00:00:36]} 28. Kd3
{[%clk 00:50:39]} {[%emt 00:01:30]} Bf4 {[%clk 00:07:29]} {[%emt 00:04:07]} 29.
Rc4 {[%clk 00:50:12]} {[%emt 00:00:56]} Be3 {[%clk 00:07:14]} {[%emt 00:00:46]}
30. g3 {[%clk 00:47:19]} {[%emt 00:03:22]} Rd6 {[%clk 00:05:49]} {[%emt
00:01:56]} 31. Rc7+ {[%clk 00:45:23]} {[%emt 00:02:25]} Rd7 {[%clk 00:06:17]}
{[%emt 00:00:02]} 32. Rc4 {[%clk 00:45:24]} {[%emt 00:00:28]} Kd6 {[%clk
00:05:31]} {[%emt 00:01:17]} 33. Rc2 {[%clk 00:43:47]} {[%emt 00:02:07]} Rc7
{[%clk 00:03:10]} {[%emt 00:02:52]} 34. Rch2 {[%clk 00:43:08]} {[%emt
00:01:07]} Rc6 {[%clk 00:00:47]} {[%emt 00:02:54]} 35. Rxh6 {[%clk 00:43:24]}
{[%emt 00:00:14]} Rxh6 {[%clk 00:01:16]} {[%emt 00:00:01]} 36. Rxh6 {[%clk
00:43:44]} {[%emt 00:00:11]} Kd5 {[%clk 00:01:21]} {[%emt 00:00:26]} 37. f4
{[%clk 00:43:36]} {[%emt 00:00:37]} gxf4 {[%clk 00:01:19]} {[%emt 00:00:32]}
38. Bf3+ {[%clk 00:44:01]} {[%emt 00:00:05]} Ke5 {[%clk 00:00:39]} {[%emt
00:01:11]} 39. Bxc6 {[%clk 00:44:25]} {[%emt 00:00:05]} bxc6 {[%clk 00:01:08]}
{[%emt 00:00:02]} 40. gxf4+ {[%clk 00:44:08]} {[%emt 00:00:47]} Kf5 {[%clk
00:00:37]} {[%emt 00:01:01]} 41. Rh4 {[%clk 00:43:24]} {[%emt 00:01:12]} c5
{[%clk 00:22:34]} {[%emt 00:08:35]} 42. b3 {[%clk 01:10:44]} {[%emt 00:03:08]}
Bc1 {[%clk 00:15:28]} {[%emt 00:07:37]} 43. b4 {[%clk 01:09:47]} {[%emt
00:01:28]} cxb4 {[%clk 00:13:47]} {[%emt 00:02:10]} 44. axb4 {[%clk 01:10:11]}
{[%emt 00:00:06]} Bxf4 {[%clk 00:10:02]} {[%emt 00:04:15]} 45. Kxd4 {[%clk
01:09:58]} {[%emt 00:00:42]} Bg3 {[%clk 00:08:59]} {[%emt 00:01:32]} 46. Rh7
{[%clk 01:09:27]} {[%emt 00:01:02]} Kf6 {[%clk 00:06:25]} {[%emt 00:03:04]} 47.
Ke3 {[%clk 01:08:38]} {[%emt 00:01:20]} Bd6 {[%clk 00:04:54]} {[%emt 00:02:00]}
48. b5 {[%clk 01:08:42]} {[%emt 00:00:26]} Bc5+ {[%clk 00:04:16]} {[%emt
00:01:08]} 49. Ke4 {[%clk 01:08:26]} {[%emt 00:00:46]} Bb6 {[%clk 00:03:33]}
{[%emt 00:01:14]} 50. Rh6+ {[%clk 01:08:30]} {[%emt 00:00:25]} Ke7 {[%clk
00:03:50]} {[%emt 00:00:12]} 51. Ke5 {[%clk 01:08:44]} {[%emt 00:00:16]} Bc7+
{[%clk 00:03:59]} {[%emt 00:00:20]} 52. Ke4 {[%clk 01:07:31]} {[%emt 00:01:43]}
Kd6 {[%clk 00:04:00]} {[%emt 00:00:30]} 53. Rh3 {[%clk 01:05:18]} {[%emt
00:02:43]} Bb6 {[%clk 00:02:56]} {[%emt 00:01:35]} 54. Rc3 {[%clk 01:05:24]}
{[%emt 00:00:24]} Kd7 {[%clk 00:02:38]} {[%emt 00:00:49]} 55. Ke5 {[%clk
01:05:34]} {[%emt 00:00:19]} Bc7+ {[%clk 00:02:21]} {[%emt 00:00:47]} 56. Kf6
{[%clk 01:05:43]} {[%emt 00:00:20]} e5 {[%clk 00:01:43]} {[%emt 00:01:09]} 57.
Rc6 {[%clk 01:05:40]} {[%emt 00:00:31]} Kc8 {[%clk 00:00:37]} {[%emt 00:01:37]}
58. Ke6 {[%clk 01:04:23]} {[%emt 00:01:47]} Kb7 {[%clk 00:00:45]} {[%emt
00:00:22]} 59. Kd5 {[%clk 01:03:56]} {[%emt 00:00:56]} Kb8 {[%clk 00:00:38]}
{[%emt 00:00:37]} 60. Kc5 {[%clk 01:03:20]} {[%emt 00:01:06]} Kb7 {[%clk
00:00:50]} {[%emt 00:00:19]} 61. Re6 {[%clk 01:03:38]} {[%emt 00:00:08]} Bb6+
{[%clk 00:00:46]} {[%emt 00:00:39]} 62. Rxb6+ {[%clk 01:01:32]} {[%emt
00:02:36]} axb6+ {[%clk 00:01:06]} {[%emt 00:00:11]} 63. Kd5 {[%clk 01:01:58]}
{[%emt 00:00:04]} e4 {[%clk 00:00:35]} {[%emt 00:01:01]} 64. Kxe4 {[%clk
01:01:44]} {[%emt 00:00:43]} Kc7 {[%clk 00:00:35]} {[%emt 00:00:31]} 65. Ke5
{[%clk 01:02:02]} {[%emt 00:00:12]} Kd7 {[%clk 00:00:32]} {[%emt 00:00:34]} 66.
Kd5 {[%clk 01:02:24]} {[%emt 00:00:07]} Kc7 {[%clk 00:00:46]} {[%emt 00:00:16]}
67. Ke6 {[%clk 01:02:42]} {[%emt 00:00:11]} Kb8 {[%clk 00:00:56]} {[%emt
00:00:21]} 68. Kd6 {[%clk 01:03:03]} {[%emt 00:00:08]} Kb7 {[%clk 00:01:11]}
{[%emt 00:00:15]} 69. Kd7 {[%clk 01:03:20]} {[%emt 00:00:13]} Kb8 {[%clk
00:01:30]} {[%emt 00:00:12]} 70. Kc6 {[%clk 01:03:43]} {[%emt 00:00:06]} Ka7
{[%clk 00:01:55]} {[%emt 00:00:06]} 71. Kc7 {[%clk 01:04:08]} {[%emt 00:00:05]}
Ka8 {[%clk 00:02:14]} {[%emt 00:00:11]} 72. Kxb6 {[%clk 01:04:32]} {[%emt
00:00:05]} Kb8 {[%clk 00:02:38]} {[%emt 00:00:06]} 73. Kc6 {[%clk 01:04:48]}
{[%emt 00:00:13]} Kc8 {[%clk 00:02:58]} {[%emt 00:00:11]} 74. b6 {[%clk
01:05:12]} {[%emt 00:00:07]} Kb8 {[%clk 00:03:12]} {[%emt 00:00:16]} 75. b7
{[%clk 01:05:35]} {[%emt 00:00:07]} Ka7 {[%clk 00:03:34]} {[%emt 00:00:08]} 76.
Kc7 {[%clk 01:05:50]} {[%emt 00:00:14]} Ka6 {[%clk 00:03:57]} {[%emt 00:00:07]}
77. b8=Q {[%clk 01:06:13]} {[%emt 00:00:07]} Ka5 {[%clk 00:04:25]} {[%emt
00:00:03]} 78. Kc6 {[%clk 01:06:32]} {[%emt 00:00:10]} Ka4 {[%clk 00:04:49]}
{[%emt 00:00:06]} 79. Kc5 {[%clk 01:06:54]} {[%emt 00:00:07]} Ka3 {[%clk
00:05:15]} {[%emt 00:00:05]} 80. Kc4 {[%clk 01:07:16]} {[%emt 00:00:08]} Ka2
{[%clk 00:05:38]} {[%emt 00:00:07]} 81. Kc3 {[%clk 01:07:41]} {[%emt 00:00:04]}
Ka1 {[%clk 00:06:02]} {[%emt 00:00:07]} 82. Qb6 {[%clk 01:07:58]} {[%emt
00:00:10]} Ka2 {[%clk 00:06:22]} {[%emt 00:00:12]} 83. Qb2# {[%clk 01:08:22]}
{[%emt 00:00:06]} 1-0

[Event "ODJM B 2024"]
[Site "Willingen GER"]
[Date "2024.05.20"]
[Round "3"]
[White "Hensen, Malte"]
[Black "Mahr, Thorben"]
[Result "0-1"]
[Termination "normal"]
[Board "42"]
[WhiteElo "1537"]
[BlackElo "1496"]
[WhiteClock "01:32:00"]
[BlackClock "01:26:32"]
[PlyCount "40"]
[WhiteFideId "34660356"]
[BlackFideId "34699589"]
[EventCountry "GER"]
[EventRounds "9"]
[EventType "swiss"]
[EventDate "2024.05.18"]

1. e4 {[%clk 01:30:58]} {[%emt 00:00:01]} e5 {[%clk 01:30:51]} {[%emt
00:00:09]} 2. Nf3 {[%clk 01:31:23]} {[%emt 00:00:05]} Nc6 {[%clk 01:31:17]}
{[%emt 00:00:05]} 3. Bc4 {[%clk 01:31:45]} {[%emt 00:00:08]} Bc5 {[%clk
01:31:27]} {[%emt 00:00:17]} 4. b4 {[%clk 01:32:10]} {[%emt 00:00:06]} Bxb4
{[%clk 01:31:10]} {[%emt 00:00:47]} 5. c3 {[%clk 01:32:36]} {[%emt 00:00:05]}
Ba5 {[%clk 01:31:10]} {[%emt 00:00:30]} 6. Qb3 {[%clk 01:33:00]} {[%emt
00:00:05]} Qe7 {[%clk 01:30:17]} {[%emt 00:01:23]} 7. O-O {[%clk 01:33:21]}
{[%emt 00:00:09]} d6 {[%clk 01:30:25]} {[%emt 00:00:21]} 8. d4 {[%clk
01:32:53]} {[%emt 00:01:00]} Bb6 {[%clk 01:29:28]} {[%emt 00:01:27]} 9. Bd5
{[%clk 01:30:45]} {[%emt 00:02:37]} Na5 {[%clk 01:28:32]} {[%emt 00:01:27]} 10.
Qc2 {[%clk 01:30:21]} {[%emt 00:00:54]} c6 {[%clk 01:27:51]} {[%emt 00:01:11]}
11. Bg5 {[%clk 01:30:46]} {[%emt 00:00:05]} Nf6 {[%clk 01:27:08]} {[%emt
00:01:13]} 12. Bb3 {[%clk 01:31:04]} {[%emt 00:00:12]} Nxb3 {[%clk 01:27:28]}
{[%emt 00:00:10]} 13. axb3 {[%clk 01:31:31]} {[%emt 00:00:03]} Bg4 {[%clk
01:27:31]} {[%emt 00:00:26]} 14. Nbd2 {[%clk 01:31:54]} {[%emt 00:00:08]} Qe6
{[%clk 01:26:43]} {[%emt 00:01:15]} 15. Nc4 {[%clk 01:32:14]} {[%emt 00:00:13]}
Bc7 {[%clk 01:26:41]} {[%emt 00:00:28]} 16. Ne3 {[%clk 01:31:33]} {[%emt
00:01:16]} Bxf3 {[%clk 01:26:35]} {[%emt 00:00:36]} 17. gxf3 {[%clk 01:31:42]}
{[%emt 00:00:20]} Qh3 {[%clk 01:26:16]} {[%emt 00:00:48]} 18. f4 {[%clk
01:31:32]} {[%emt 00:00:41]} h6 {[%clk 01:26:21]} {[%emt 00:00:25]} 19. Bxf6
{[%clk 01:31:41]} {[%emt 00:00:22]} gxf6 {[%clk 01:26:43]} {[%emt 00:00:08]}
20. fxe5 {[%clk 01:32:00]} {[%emt 00:00:11]} Rg8+ {[%clk 01:26:32]} {[%emt
00:00:10]} 0-1

[Event "ODJM B 2024"]
[Site "Willingen GER"]
[Date "2024.05.20"]
[Round "3"]
[White "Farokhi, Darian"]
[Black "Menne, Lukas"]
[Result "0-1"]
[Termination "normal"]
[Board "43"]
[WhiteElo "1691"]
[BlackElo "1636"]
[WhiteClock "00:36:44"]
[BlackClock "00:12:09"]
[PlyCount "86"]
[WhiteFideId "16253108"]
[BlackFideId "16288467"]
[EventCountry "GER"]
[EventRounds "9"]
[EventType "swiss"]
[EventDate "2024.05.18"]

1. e4 {[%clk 01:30:58]} c5 {[%clk 01:30:50]} {[%emt 00:00:11]} 2. Nf3 {[%clk
01:31:20]} {[%emt 00:00:09]} d6 {[%clk 01:31:12]} {[%emt 00:00:07]} 3. d4
{[%clk 01:31:28]} {[%emt 00:00:22]} cxd4 {[%clk 01:31:34]} {[%emt 00:00:08]} 4.
Nxd4 {[%clk 01:31:52]} {[%emt 00:00:05]} Nf6 {[%clk 01:31:54]} {[%emt
00:00:11]} 5. Nc3 {[%clk 01:32:14]} {[%emt 00:00:09]} a6 {[%clk 01:32:17]}
{[%emt 00:00:06]} 6. Be3 {[%clk 01:31:46]} {[%emt 00:00:58]} Nc6 {[%clk
01:32:28]} {[%emt 00:00:20]} 7. f3 {[%clk 01:31:26]} {[%emt 00:00:49]} e6
{[%clk 01:32:30]} {[%emt 00:00:28]} 8. Qd2 {[%clk 01:28:52]} {[%emt 00:03:04]}
Qc7 {[%clk 01:32:26]} {[%emt 00:00:34]} 9. O-O-O {[%clk 01:21:02]} {[%emt
00:08:20]} b5 {[%clk 01:31:20]} {[%emt 00:01:36]} 10. Bxb5 {[%clk 01:18:17]}
{[%emt 00:03:15]} axb5 {[%clk 01:26:39]} {[%emt 00:05:12]} 11. Ndxb5 {[%clk
01:18:39]} {[%emt 00:00:07]} Qd8 {[%clk 01:12:28]} {[%emt 00:14:42]} 12. Nxd6+
{[%clk 01:14:10]} {[%emt 00:04:58]} Bxd6 {[%clk 01:12:10]} {[%emt 00:00:48]}
13. Qxd6 {[%clk 01:14:33]} {[%emt 00:00:07]} Qxd6 {[%clk 01:10:16]} {[%emt
00:02:25]} 14. Rxd6 {[%clk 01:14:57]} {[%emt 00:00:05]} Bb7 {[%clk 01:06:52]}
{[%emt 00:03:53]} 15. b3 {[%clk 01:10:36]} {[%emt 00:04:51]} Nd7 {[%clk
01:02:29]} {[%emt 00:04:53]} 16. Kb2 {[%clk 01:07:48]} {[%emt 00:03:17]} O-O-O
{[%clk 01:02:17]} {[%emt 00:00:43]} 17. Rhd1 {[%clk 00:56:41]} {[%emt
00:11:37]} Nde5 {[%clk 00:58:34]} {[%emt 00:04:12]} 18. Rxd8+ {[%clk 00:55:30]}
{[%emt 00:01:41]} Rxd8 {[%clk 00:55:57]} 19. Rxd8+ {[%clk 00:55:49]} {[%emt
00:03:19]} Kxd8 {[%clk 00:55:19]} {[%emt 00:01:07]} 20. Bb6+ {[%clk 00:54:13]}
{[%emt 00:02:05]} Kd7 {[%clk 00:55:04]} {[%emt 00:00:45]} 21. Na4 {[%clk
00:52:18]} {[%emt 00:02:26]} Ng6 {[%clk 00:47:42]} {[%emt 00:07:52]} 22. Nc5+
{[%clk 00:51:02]} {[%emt 00:01:46]} Kc8 {[%clk 00:46:27]} {[%emt 00:01:46]} 23.
Nxb7 {[%clk 00:51:13]} {[%emt 00:00:19]} Kxb7 {[%clk 00:46:54]} {[%emt
00:00:02]} 24. Be3 {[%clk 00:51:35]} {[%emt 00:00:07]} Nh4 {[%clk 00:46:19]}
{[%emt 00:01:05]} 25. Kc3 {[%clk 00:39:49]} {[%emt 00:12:17]} Nxg2 {[%clk
00:43:09]} {[%emt 00:03:40]} 26. Bf2 {[%clk 00:40:00]} {[%emt 00:00:19]} Ne5
{[%clk 00:40:08]} {[%emt 00:03:31]} 27. Bg3 {[%clk 00:39:42]} {[%emt 00:00:48]}
Nxf3 {[%clk 00:30:10]} {[%emt 00:10:28]} 28. Kd3 {[%clk 00:38:54]} {[%emt
00:01:16]} g5 {[%clk 00:23:15]} {[%emt 00:07:27]} 29. Ke2 {[%clk 00:38:11]}
{[%emt 00:01:12]} Nd4+ {[%clk 00:23:10]} {[%emt 00:00:36]} 30. Kd3 {[%clk
00:37:59]} {[%emt 00:00:42]} Nc6 {[%clk 00:22:41]} {[%emt 00:00:58]} 31. a4
{[%clk 00:37:31]} {[%emt 00:00:58]} Nf4+ {[%clk 00:22:19]} {[%emt 00:00:53]}
32. Kc4 {[%clk 00:37:44]} {[%emt 00:00:16]} h5 {[%clk 00:19:39]} {[%emt
00:03:10]} 33. b4 {[%clk 00:37:33]} {[%emt 00:00:41]} h4 {[%clk 00:19:32]}
{[%emt 00:00:38]} 34. Be1 {[%clk 00:37:04]} {[%emt 00:00:59]} f5 {[%clk
00:15:57]} {[%emt 00:04:06]} 35. exf5 {[%clk 00:37:22]} {[%emt 00:00:11]} exf5
{[%clk 00:16:19]} {[%emt 00:00:07]} 36. Kb5 {[%clk 00:37:26]} {[%emt 00:00:25]}
Ng2 {[%clk 00:16:14]} {[%emt 00:00:35]} 37. Bf2 {[%clk 00:37:40]} {[%emt
00:00:15]} g4 {[%clk 00:16:15]} {[%emt 00:00:31]} 38. a5 {[%clk 00:37:57]}
{[%emt 00:00:13]} Nb8 {[%clk 00:16:06]} {[%emt 00:00:39]} 39. Bd4 {[%clk
00:37:39]} {[%emt 00:00:47]} f4 {[%clk 00:12:37]} {[%emt 00:04:00]} 40. Be5
{[%clk 00:37:52]} {[%emt 00:00:16]} f3 {[%clk 00:12:48]} {[%emt 00:00:19]} 41.
Bd4 {[%clk 00:36:19]} {[%emt 00:02:03]} g3 {[%clk 00:11:56]} {[%emt 00:01:22]}
42. hxg3 {[%clk 00:36:42]} {[%emt 00:00:08]} hxg3 {[%clk 00:12:20]} {[%emt
00:00:06]} 43. Kc4 {[%clk 00:36:44]} {[%emt 00:00:28]} f2 {[%clk 00:12:09]}
{[%emt 00:00:41]} 0-1

[Event "ODJM B 2024"]
[Site "Willingen GER"]
[Date "2024.05.20"]
[Round "3"]
[White "Symanski, Linda"]
[Black "Golke, Philipp"]
[Result "0-1"]
[Termination "normal"]
[Board "45"]
[WhiteElo "1542"]
[BlackElo "1709"]
[WhiteClock "00:07:32"]
[BlackClock "01:23:10"]
[PlyCount "130"]
[WhiteFideId "16284534"]
[BlackFideId "34625259"]
[EventCountry "GER"]
[EventRounds "9"]
[EventType "swiss"]
[EventDate "2024.05.18"]

1. d4 {[%clk 01:30:57]} {[%emt 00:00:02]} d5 {[%clk 01:30:45]} {[%emt
00:00:17]} 2. c4 {[%clk 01:31:22]} {[%emt 00:00:05]} e6 {[%clk 01:31:04]}
{[%emt 00:00:10]} 3. Nc3 {[%clk 01:31:46]} {[%emt 00:00:06]} Nf6 {[%clk
01:31:29]} {[%emt 00:00:05]} 4. Nf3 {[%clk 01:32:02]} {[%emt 00:00:14]} Be7
{[%clk 01:31:42]} {[%emt 00:00:17]} 5. Bg5 {[%clk 01:32:22]} {[%emt 00:00:10]}
c6 {[%clk 01:32:02]} {[%emt 00:00:10]} 6. e3 {[%clk 01:32:43]} {[%emt
00:00:10]} Nbd7 {[%clk 01:32:17]} {[%emt 00:00:15]} 7. Qc2 {[%clk 01:32:46]}
{[%emt 00:00:27]} b6 {[%clk 01:32:18]} {[%emt 00:00:29]} 8. Bd3 {[%clk
01:26:40]} {[%emt 00:06:36]} Bb7 {[%clk 01:27:14]} {[%emt 00:05:35]} 9. cxd5
{[%clk 01:24:14]} {[%emt 00:02:55]} cxd5 {[%clk 01:27:33]} {[%emt 00:00:11]}
10. O-O {[%clk 01:22:43]} {[%emt 00:02:01]} Rc8 {[%clk 01:26:01]} {[%emt
00:02:02]} 11. Rac1 {[%clk 01:16:10]} {[%emt 00:07:03]} O-O {[%clk 01:21:05]}
{[%emt 00:05:26]} 12. h3 {[%clk 01:12:37]} {[%emt 00:04:03]} h6 {[%clk
01:19:59]} {[%emt 00:01:36]} 13. Bf4 {[%clk 01:10:17]} {[%emt 00:02:49]} Ne4
{[%clk 01:14:12]} {[%emt 00:06:16]} 14. Qa4 {[%clk 01:02:20]} {[%emt 00:08:27]}
Bc6 {[%clk 01:08:30]} {[%emt 00:06:12]} 15. Bb5 {[%clk 00:58:00]} {[%emt
00:04:49]} Nxc3 {[%clk 01:07:51]} {[%emt 00:01:11]} 16. Rxc3 {[%clk 00:57:21]}
{[%emt 00:01:09]} Bxb5 {[%clk 01:08:08]} {[%emt 00:00:12]} 17. Qxb5 {[%clk
00:54:19]} {[%emt 00:03:33]} Rxc3 {[%clk 01:08:27]} {[%emt 00:00:11]} 18. bxc3
{[%clk 00:54:42]} {[%emt 00:00:06]} Nf6 {[%clk 01:08:27]} {[%emt 00:00:30]} 19.
Rc1 {[%clk 00:50:26]} {[%emt 00:04:46]} Bd6 {[%clk 01:03:30]} {[%emt 00:05:27]}
20. Ne5 {[%clk 00:47:24]} {[%emt 00:03:32]} Bxe5 {[%clk 01:02:30]} {[%emt
00:01:30]} 21. Bxe5 {[%clk 00:44:32]} {[%emt 00:03:22]} Qd7 {[%clk 01:00:50]}
{[%emt 00:02:11]} 22. a4 {[%clk 00:32:32]} {[%emt 00:12:29]} Rc8 {[%clk
00:55:45]} {[%emt 00:05:35]} 23. Bxf6 {[%clk 00:31:02]} {[%emt 00:02:01]} Qxb5
{[%clk 00:55:56]} {[%emt 00:00:18]} 24. axb5 {[%clk 00:31:26]} {[%emt
00:00:06]} gxf6 {[%clk 00:56:16]} {[%emt 00:00:10]} 25. f3 {[%clk 00:26:09]}
{[%emt 00:05:47]} f5 {[%clk 00:54:58]} {[%emt 00:01:47]} 26. g4 {[%clk
00:25:16]} {[%emt 00:01:24]} fxg4 {[%clk 00:55:04]} {[%emt 00:00:24]} 27. hxg4
{[%clk 00:25:04]} {[%emt 00:00:42]} Kg7 {[%clk 00:54:57]} {[%emt 00:00:37]} 28.
Kg2 {[%clk 00:25:03]} {[%emt 00:00:31]} Rc4 {[%clk 00:55:05]} {[%emt 00:00:23]}
29. Kg3 {[%clk 00:24:32]} {[%emt 00:01:01]} Kf6 {[%clk 00:55:22]} {[%emt
00:00:12]} 30. f4 {[%clk 00:19:09]} {[%emt 00:05:53]} Ra4 {[%clk 00:55:34]}
{[%emt 00:00:19]} 31. Rh1 {[%clk 00:15:36]} {[%emt 00:04:03]} Kg7 {[%clk
00:54:25]} {[%emt 00:01:39]} 32. Kf3 {[%clk 00:12:04]} {[%emt 00:04:03]} Ra3
{[%clk 00:54:39]} {[%emt 00:00:16]} 33. Rc1 {[%clk 00:12:25]} {[%emt 00:00:08]}
Rb3 {[%clk 00:55:03]} {[%emt 00:00:06]} 34. c4 {[%clk 00:11:11]} {[%emt
00:01:45]} dxc4 {[%clk 00:55:17]} {[%emt 00:00:16]} 35. Rxc4 {[%clk 00:11:37]}
{[%emt 00:00:03]} Rxb5 {[%clk 00:55:39]} {[%emt 00:00:08]} 36. Rc7 {[%clk
00:11:42]} {[%emt 00:00:25]} Ra5 {[%clk 00:55:57]} {[%emt 00:00:12]} 37. Ke4
{[%clk 00:11:05]} {[%emt 00:01:07]} Kf6 {[%clk 00:56:13]} {[%emt 00:00:14]} 38.
g5+ {[%clk 00:08:22]} {[%emt 00:03:13]} hxg5 {[%clk 00:56:13]} {[%emt
00:00:30]} 39. fxg5+ {[%clk 00:08:50]} {[%emt 00:00:03]} Kg6 {[%clk 00:55:40]}
{[%emt 00:01:02]} 40. Rb7 {[%clk 00:08:05]} {[%emt 00:01:15]} Ra3 {[%clk
00:54:56]} {[%emt 00:01:14]} 41. Kf4 {[%clk 00:07:36]} {[%emt 00:00:59]} Ra5
{[%clk 00:54:33]} {[%emt 00:00:53]} 42. Ke4 {[%clk 00:07:38]} {[%emt 00:00:29]}
b5 {[%clk 00:54:46]} {[%emt 00:00:17]} 43. Kf4 {[%clk 00:02:50]} {[%emt
00:05:18]} a6 {[%clk 00:55:00]} {[%emt 00:00:16]} 44. Ke4 {[%clk 00:01:53]}
{[%emt 00:01:27]} Ra4 {[%clk 00:55:23]} {[%emt 00:00:07]} 45. Kd3 {[%clk
00:02:13]} {[%emt 00:00:10]} Ra3+ {[%clk 00:55:27]} {[%emt 00:00:25]} 46. Kd2
{[%clk 00:02:33]} {[%emt 00:00:10]} Rb3 {[%clk 00:55:18]} {[%emt 00:00:40]} 47.
Ra7 {[%clk 00:01:53]} {[%emt 00:01:10]} Ra3 {[%clk 00:55:33]} {[%emt 00:00:14]}
48. e4 {[%clk 00:01:41]} {[%emt 00:00:42]} Ra4 {[%clk 00:55:28]} {[%emt
00:00:36]} 49. Kc3 {[%clk 00:01:23]} {[%emt 00:00:48]} Rc4+ {[%clk 00:55:20]}
{[%emt 00:00:37]} 50. Kd3 {[%clk 00:01:48]} {[%emt 00:00:05]} Rc6 {[%clk
00:55:47]} {[%emt 00:00:04]} 51. Rb7 {[%clk 00:00:38]} {[%emt 00:01:40]} f6
{[%clk 00:53:51]} {[%emt 00:02:25]} 52. gxf6 {[%clk 00:00:50]} {[%emt
00:00:18]} Kxf6 {[%clk 00:54:08]} {[%emt 00:00:14]} 53. d5 {[%clk 00:30:24]}
{[%emt 00:00:56]} exd5 {[%clk 01:23:25]} {[%emt 00:01:13]} 54. exd5 {[%clk
00:30:28]} {[%emt 00:00:26]} Rc5 {[%clk 01:23:49]} {[%emt 00:00:06]} 55. Rb6+
{[%clk 00:25:20]} {[%emt 00:05:37]} Ke5 {[%clk 01:22:48]} {[%emt 00:01:31]} 56.
Rxa6 {[%clk 00:24:05]} {[%emt 00:01:45]} Kxd5 {[%clk 01:22:26]} {[%emt
00:00:52]} 57. Ra1 {[%clk 00:10:28]} {[%emt 00:14:07]} b4 {[%clk 01:22:14]}
{[%emt 00:00:43]} 58. Rb1 {[%clk 00:10:52]} {[%emt 00:00:06]} Rc3+ {[%clk
01:22:38]} {[%emt 00:00:05]} 59. Kd2 {[%clk 00:11:06]} {[%emt 00:00:16]} Kc4
{[%clk 01:22:47]} {[%emt 00:00:21]} 60. Rc1 {[%clk 00:06:04]} {[%emt 00:05:32]}
Rxc1 {[%clk 01:22:17]} {[%emt 00:01:01]} 61. Kxc1 {[%clk 00:06:30]} {[%emt
00:00:04]} Kc3 {[%clk 01:22:19]} {[%emt 00:00:27]} 62. Kb1 {[%clk 00:06:34]}
{[%emt 00:00:26]} Kb3 {[%clk 01:22:33]} {[%emt 00:00:16]} 63. Ka1 {[%clk
00:06:48]} {[%emt 00:00:17]} Kc2 {[%clk 01:22:44]} {[%emt 00:00:18]} 64. Ka2
{[%clk 00:07:11]} {[%emt 00:00:07]} b3+ {[%clk 01:23:10]} {[%emt 00:00:04]} 65.
Ka1 {[%clk 00:07:32]} {[%emt 00:00:09]} b2+ {[%emt 00:00:38]} 0-1